[Event "Arad op 16th"]
[Site "Arad"]
[Date "2023.08.10"]
[Round "6"]
[White "Gupta, Sankalp"]
[Black "Martirosyan, Haik M"]
[Result "1/2-1/2"]
[WhiteElo "2497"]
[BlackElo "2683"]
[PlyCount "38"]
[EventDate "2023.08.07"]
[EventType "swiss"]
[EventRounds "9"]
[EventCountry "ROU"]
[SourceTitle "EXT 2024"]
[Source "ChessBase"]
[SourceDate "2023.10.10"]
[SourceVersion "1"]
[SourceVersionDate "2023.10.10"]
[SourceQuality "1"]

1. e4 e5 2. Nf3 Nc6 3. Bb5 Nf6 4. 0-0 Nxe4 5. Re1 Nd6 6. Nxe5 Be7 7. Bf1 Nxe5 8. Rxe5 0-0 9. Nc3 Ne8 10. Nd5 Bd6 11. Re1 c6 12. Ne3 Bc7 13. Nf5 Nf6 14. Ne7+ Kh8 15. Nxc8 Qxc8 16. d3 d5 17. Qf3 Re8 18. Bd2 Qg4 19. Qxg4 Nxg4 1/2-1/2

[Event "TUR-chT"]
[Site "Ankara"]
[Date "2023.07.19"]
[Round "10.25"]
[White "Mendonca, Leon Luke"]
[Black "Gupta, Sankalp"]
[Result "1/2-1/2"]
[WhiteElo "2627"]
[BlackElo "2497"]
[PlyCount "89"]
[EventDate "2023.07.10"]
[EventType "team-tourn"]
[EventRounds "11"]
[EventCountry "TUR"]
[SourceTitle "EXT 2024"]
[Source "ChessBase"]
[SourceDate "2023.10.10"]
[SourceVersion "1"]
[SourceVersionDate "2023.10.10"]
[SourceQuality "1"]
[WhiteTeam "Bursa Buyuksehir"]
[BlackTeam "Rota Koleji Dernegi"]
[WhiteTeamCountry "TUR"]
[BlackTeamCountry "TUR"]

1. Nf3 d5 2. g3 Nc6 3. d4 Bf5 4. Bg2 Nb4 5. Na3 e6 6. 0-0 Be7 7. c3 Nc6 8. Qb3 Rb8 9. Re1 Nf6 10. Nh4 Bg4 11. h3 Bh5 12. g4 Nd7 13. gxh5 Bxh4 14. e4 dxe4 15. Rxe4 0-0 16. Rg4 Kh8 17. d5 Nce5 18. Rd4 exd5 19. Qxd5 Qe7 20. Bd2 c5 21. Re4 f5 22. Ree1 f4 23. Nc4 Rbe8 24. Nxe5 Nxe5 25. Re4 f3 26. Bh1 Qf6 27. Bf4 Nc6 28. Be3 Rxe4 29. Qxe4 b6 30. Rd1 h6 31. Rd7 Bg5 32. Bxg5 Qxg5+ 33. Kh2 Qf6 34. Rd3 Ne5 35. Re3 Re8 36. Kg1 Qg5+ 37. Kf1 Rd8 38. Bxf3 Nxf3 39. Qxf3 Kg8 40. Qg4 Qd5 41. Kg1 Qd1+ 42. Kg2 Qd5+ 43. Kg3 Qd6+ 44. f4 Qd2 45. Qe2 1/2-1/2

[Event "Wch Blitz"]
[Site "Warsaw"]
[Date "2021.12.30"]
[Round "18"]
[White "Gupta, Sankalp"]
[Black "Yuffa, Daniil"]
[Result "0-1"]
[WhiteElo "2504"]
[BlackElo "2567"]
[PlyCount "74"]
[EventDate "2021.12.29"]
[EventType "swiss (blitz)"]
[EventRounds "21"]
[EventCountry "POL"]
[SourceTitle "CBM 205 Extra"]
[Source "ChessBase"]
[SourceDate "2022.01.31"]
[SourceVersion "1"]
[SourceVersionDate "2022.01.31"]
[SourceQuality "1"]

1. d4 Nf6 2. Nf3 g6 3. Nc3 d5 4. Bf4 Bg7 5. Nb5 Na6 6. e3 0-0 7. h3 c6 8. Nc3 Nc7 9. Bd3 Nd7 10. Qd2 Re8 11. 0-0-0 b5 12. e4 b4 13. Ne2 dxe4 14. Bxe4 Nd5 15. Bh6 N7f6 16. Bd3 Qa5 17. Kb1 Nc3+ 18. bxc3 bxc3 19. Qxc3 Qb6+ 20. Ka1 Bxh6 21. Rb1 Qc7 22. Ne5 c5 23. Qxc5 Qxc5 24. dxc5 Bg7 25. f4 Nd7 26. Be4 Nxe5 27. fxe5 Bxe5+ 28. c3 Ba6 29. Bxa8 Bxe2 30. Bb7 Bxc3+ 31. Rb2 Rb8 32. c6 Ba6 33. Bxa6 Rxb2 34. Rc1 Rb3+ 35. Rxc3 Rxc3 36. Bb7 a5 37. Kb2 Rc5 0-1

[Event "Wch Blitz"]
[Site "Warsaw"]
[Date "2021.12.30"]
[Round "19"]
[White "Kolosowski, Mateusz"]
[Black "Gupta, Sankalp"]
[Result "1/2-1/2"]
[WhiteElo "2444"]
[BlackElo "2504"]
[PlyCount "158"]
[EventDate "2021.12.29"]
[EventType "swiss (blitz)"]
[EventRounds "21"]
[EventCountry "POL"]
[SourceTitle "CBM 205 Extra"]
[Source "ChessBase"]
[SourceDate "2022.01.31"]
[SourceVersion "1"]
[SourceVersionDate "2022.01.31"]
[SourceQuality "1"]

1. e4 e6 2. d4 d5 3. Nd2 a6 4. Ngf3 Nf6 5. e5 Nfd7 6. Bd3 c5 7. c3 Nc6 8. 0-0 Qb6 9. dxc5 Bxc5 10. Qe2 f5 11. exf6 Nxf6 12. Nb3 Bd6 13. Nbd4 0-0 14. Nxc6 bxc6 15. Ne5 Qc7 16. f4 Rb8 17. b3 a5 18. Rf3 h6 19. Ng6 Re8 20. c4 c5 21. Bd2 Bb7 22. Rh3 e5 23. fxe5 Bxe5 24. Nxe5 Rxe5 25. Bf4 Rbe8 26. Bxe5 Rxe5 27. Qf2 Qe7 28. Rg3 d4 29. Rf1 Kh8 30. Qf4 Be4 31. Bxe4 Rxe4 32. Qf5 Re5 33. Qg6 Re2 34. h3 Rxa2 35. Qf5 Re2 36. Rg6 Re5 37. Qf3 Re3 38. Qf4 Re4 39. Qf5 Re5 40. Qf3 Re3 41. Qa8+ Kh7 42. Rgxf6 gxf6 43. Qd5 Re5 44. Qf3 Kg7 45. Kh1 Rg5 46. Qf4 Qe5 47. Qf3 Qe7 48. Ra1 Qe3 49. Rxa5 Qxf3 50. gxf3 Kg6 51. Kh2 h5 52. h4 Rf5 53. Kg3 Re5 54. Rb5 Kf5 55. Rb8 Re3 56. Rd8 Rxb3 57. Rd5+ Ke6 58. Rxc5 Rc3 59. Kf4 d3 60. Ke3 d2+ 61. Kxd2 Rxf3 62. Rxh5 Kd6 63. Rd5+ Kc6 64. h5 Rh3 65. Rf5 Kd7 66. Ke2 Ke6 67. Ra5 f5 68. h6 f4 69. Kf2 Kd6 70. Rd5+ Kc6 71. Ra5 f3 72. c5 Kb7 73. Rb5+ Kc6 74. Ra5 Kb7 75. Ke3 Rxh6 76. Kxf3 Re6 77. Rb5+ Kc7 78. Rb6 Rxb6 79. cxb6+ Kxb6 1/2-1/2

[Event "Wch Blitz"]
[Site "Warsaw"]
[Date "2021.12.29"]
[Round "9"]
[White "Gareyev, Timur"]
[Black "Gupta, Sankalp"]
[Result "1/2-1/2"]
[WhiteElo "2573"]
[BlackElo "2504"]
[PlyCount "142"]
[EventDate "2021.12.29"]
[EventType "swiss (blitz)"]
[EventRounds "21"]
[EventCountry "POL"]
[SourceTitle "CBM 205 Extra"]
[Source "ChessBase"]
[SourceDate "2022.01.31"]
[SourceVersion "1"]
[SourceVersionDate "2022.01.31"]
[SourceQuality "1"]

1. e3 e5 2. c4 Nf6 3. a3 c6 4. d4 exd4 5. exd4 d5 6. Nc3 Bd6 7. c5 Bc7 8. Bd3 0-0 9. Nge2 b6 10. b4 a5 11. Bg5 Ba6 12. Bxa6 Nxa6 13. Rb1 axb4 14. axb4 Re8 15. h3 h6 16. Bh4 g5 17. Bg3 Bxg3 18. fxg3 b5 19. 0-0 Nc7 20. g4 Ne4 21. Nxe4 dxe4 22. Ng3 e3 23. Qf3 Qd5 24. Rbe1 Qxf3 25. Rxf3 Nd5 26. Nf5 e2 27. Nxh6+ Kg7 28. Nxf7 Nxb4 29. Ne5 Nc2 30. Rxe2 Nxd4 31. Rd2 Nxf3+ 32. Nxf3 b4 33. Rb2 Reb8 34. Nd4 Ra6 35. Kf2 Kf6 36. Ke3 Ke5 37. Nb3 Ra3 38. Kd3 Kd5 39. Kc2 Kc4 40. Nd2+ Kxc5 41. Ne4+ Kd4 42. Nxg5 b3+ 43. Kc1 Ra1+ 44. Kd2 Ra2 45. Nf3+ Kc4 46. Ne5+ Kd5 47. Nd3 c5 48. Kc3 Rxb2 49. Nxb2 c4 50. g5 Re8 51. Nd1 Re1 52. Kd2 Re5 53. h4 Re4 54. Nc3+ Kd4 55. Nxe4 Kxe4 56. Kc3 Kf5 57. g3 Kg6 58. g4 Kg7 59. h5 Kh7 60. g6+ Kh6 61. Kb2 Kg7 62. g5 Kg8 63. h6 Kh8 64. Kc3 Kg8 65. g7 Kh7 66. Kd2 b2 67. g6+ Kg8 68. Kc2 c3 69. h7+ Kxg7 70. Kb1 Kh8 71. Kc2 Kg7 1/2-1/2

[Event "Wch Blitz"]
[Site "Warsaw"]
[Date "2021.12.29"]
[Round "12"]
[White "Gupta, Sankalp"]
[Black "Heimann, Andreas"]
[Result "1-0"]
[WhiteElo "2504"]
[BlackElo "2581"]
[PlyCount "47"]
[EventDate "2021.12.29"]
[EventType "swiss (blitz)"]
[EventRounds "21"]
[EventCountry "POL"]
[SourceTitle "CBM 205 Extra"]
[Source "ChessBase"]
[SourceDate "2022.01.31"]
[SourceVersion "1"]
[SourceVersionDate "2022.01.31"]
[SourceQuality "1"]

1. d4 Nf6 2. Nf3 d5 3. c3 e6 4. Bf4 c5 5. e3 Bd6 6. Nbd2 0-0 7. Bd3 Qc7 8. Bxd6 Qxd6 9. Ne5 Nbd7 10. f4 b6 11. 0-0 Bb7 12. Qb1 a5 13. Rf3 Rfc8 14. Rh3 Nf8 15. g4 cxd4 16. exd4 Ra7 17. g5 Ne4 18. Nxe4 dxe4 19. Bxe4 b5 20. Bxh7+ Nxh7 21. Qxh7+ Kf8 22. Qh8+ Ke7 23. Qxg7 Re8 24. Qf6+ 1-0

[Event "Castelldefels Llobregat op 2nd"]
[Site "Castelldefels"]
[Date "2021.12.05"]
[Round "6"]
[White "Meskovs, Nikita"]
[Black "Gupta, Sankalp"]
[Result "1-0"]
[WhiteElo "2557"]
[BlackElo "2468"]
[PlyCount "127"]
[EventDate "2021.11.30"]
[EventType "swiss"]
[EventRounds "9"]
[EventCountry "ESP"]
[SourceTitle "CBM 205 Extra"]
[Source "ChessBase"]
[SourceDate "2022.01.31"]
[SourceVersion "1"]
[SourceVersionDate "2022.01.31"]
[SourceQuality "1"]

1. Nf3 d5 2. g3 c5 3. Bg2 Nf6 4. 0-0 e6 5. d4 cxd4 6. Nxd4 e5 7. Nb3 a5 8. a4 Be6 9. f4 exf4 10. gxf4 Qc8 11. Nc3 Be7 12. Nd4 Bh3 13. Qd3 Bxg2 14. Kxg2 Nc6 15. Be3 0-0 16. Rad1 Nb4 17. Qf5 Re8 18. Rd2 Qc4 19. Ndb5 Qc6 20. Bd4 Rad8 21. Na7 Qa6 22. Ncb5 Ne4 23. Nc7 Qc4 24. Nxe8 Rxe8 25. Qd7 Kf8 26. b3 Qa6 27. Rd3 Nxd3 28. cxd3 Nf6 29. Qh3 Bb4 30. Kf3 Qd6 31. Rc1 Qe7 32. Be5 Nd7 33. d4 Nxe5+ 34. dxe5 Kg8 35. Nb5 Bc5 36. Rd1 Rd8 37. Nc3 d4 38. Ne4 h6 39. Qf5 b6 40. Kg3 Qb7 41. h4 Qc6 42. h5 Be7 43. Kh3 Kf8 44. Rd3 Ke8 45. Rg3 Bf8 46. Kh2 Qd7 47. Qh7 Qd5 48. Nd2 Kd7 49. Rd3 Kc7 50. Nf3 Bc5 51. Kg3 Qc6 52. Qxg7 Qe4 53. Qxf7+ Kb8 54. Qg6 Qxe2 55. e6 Bb4 56. e7 Qxe7 57. Rxd4 Rd6 58. Rxd6 Bxd6 59. Qxh6 Bc7 60. Qg5 Qe4 61. h6 Kb7 62. Qf6 Ka6 63. Qf7 Qb7 64. Ne5 1-0

[Event "Castelldefels Llobregat op 2nd"]
[Site "Castelldefels"]
[Date "2021.12.03"]
[Round "4"]
[White "Gupta, Sankalp"]
[Black "Visakh, Narayanan Rajeswari"]
[Result "1/2-1/2"]
[WhiteElo "2468"]
[BlackElo "2515"]
[PlyCount "57"]
[EventDate "2021.11.30"]
[EventType "swiss"]
[EventRounds "9"]
[EventCountry "ESP"]
[SourceTitle "CBM 205 Extra"]
[Source "ChessBase"]
[SourceDate "2022.01.31"]
[SourceVersion "1"]
[SourceVersionDate "2022.01.31"]
[SourceQuality "1"]

1. e4 c6 2. d4 d5 3. exd5 cxd5 4. Bf4 Nc6 5. c3 Nf6 6. Nf3 Bf5 7. Qb3 Qc8 8. Nbd2 h6 9. h3 e6 10. Be2 Be7 11. 0-0 0-0 12. Rfe1 Bd8 13. Ne5 Bc7 14. Bb5 Nxe5 15. Bxe5 Bxe5 16. dxe5 Ne4 17. Nxe4 dxe4 18. Qa3 Qb8 19. Qc5 Rc8 20. Qd4 b6 21. Rad1 Rc5 22. c4 a6 23. b4 Rc7 24. Bd7 Qa7 25. Ba4 Rac8 26. Bb3 a5 27. bxa5 bxa5 28. Qxa7 Rxa7 29. Rd4 1/2-1/2

[Event "Dhaka Sheikh Hasina op"]
[Site "Dhaka"]
[Date "2021.09.26"]
[Round "8"]
[White "Mohammad, Nubairshah Shaikh"]
[Black "Gupta, Sankalp"]
[Result "1/2-1/2"]
[WhiteElo "2432"]
[BlackElo "2433"]
[PlyCount "140"]
[EventDate "2021.09.19"]
[EventType "swiss"]
[EventRounds "9"]
[EventCountry "BAN"]
[SourceTitle "CBM 204 Extra"]
[Source "ChessBase"]
[SourceDate "2021.11.30"]
[SourceVersion "1"]
[SourceVersionDate "2021.11.30"]
[SourceQuality "1"]

1. Nf3 d5 2. d4 Nf6 3. c4 e6 4. Nc3 a6 5. c5 b6 6. cxb6 cxb6 7. Bf4 Bd6 8. Bxd6 Qxd6 9. e3 0-0 10. Bd3 Nbd7 11. 0-0 Bb7 12. h3 Rfc8 13. Rc1 b5 14. Ne2 Nb6 15. Nf4 Qb4 16. Qe2 Ne4 17. Ne5 f6 18. Qg4 Qe7 19. Nf3 Re8 20. Bxe4 dxe4 21. Nd2 e5 22. dxe5 Qxe5 23. Nb3 Nc4 24. Nd4 Bc8 25. Qe2 Bd7 26. b3 Nb6 27. Qd2 Rec8 28. Qa5 Rxc1 29. Rxc1 Qd6 30. Rc2 f5 31. h4 g6 32. g3 Kf7 33. Kg2 h6 34. Rd2 Qc5 35. Rc2 Qd6 36. Rd2 Qc5 37. b4 Qc7 38. Nb3 Ra7 39. Nc5 Bc8 40. Qa3 Nc4 41. Qb3 g5 42. hxg5 hxg5 43. Nh3 Kg6 44. Rd5 Qg7 45. Qd1 Qb2 46. Rd6+ Kg7 47. Qd4+ Qxd4 48. Rxd4 Kf6 49. Rd8 Ra8 50. Rf8+ Ke7 51. Rh8 Kf6 52. Rh6+ Kg7 53. Rc6 Ne5 54. Rd6 Nf7 55. Rb6 Ra7 56. a3 Rc7 57. Ng1 Ne5 58. Ne2 Nc4 59. Rb8 Nxa3 60. Nd4 Kf7 61. g4 fxg4 62. Nxe4 Ke7 63. Kg3 Nc2 64. Nxc2 Rxc2 65. Nc5 Kd8 66. Nxa6 Ra2 67. Nc5 Kc7 68. Rxb5 Kc6 69. Rb8 Kc7 70. Rb5 Kc6 1/2-1/2

[Event "Dhaka Sheikh Hasina op"]
[Site "Dhaka"]
[Date "2021.09.24"]
[Round "6"]
[White "Mitrabha, Guha"]
[Black "Gupta, Sankalp"]
[Result "0-1"]
[WhiteElo "2467"]
[BlackElo "2433"]
[PlyCount "154"]
[EventDate "2021.09.19"]
[EventType "swiss"]
[EventRounds "9"]
[EventCountry "BAN"]
[SourceTitle "CBM 204 Extra"]
[Source "ChessBase"]
[SourceDate "2021.11.30"]
[SourceVersion "1"]
[SourceVersionDate "2021.11.30"]
[SourceQuality "1"]

1. d4 Nf6 2. Bf4 d5 3. e3 c5 4. Nf3 Nc6 5. Nbd2 Qb6 6. dxc5 Qxb2 7. Rb1 Qc3 8. Bb5 g6 9. e4 dxe4 10. Be5 Qa5 11. 0-0 exf3 12. Bxc6+ bxc6 13. Qxf3 Qd8 14. Rfe1 Bg7 15. Bxf6 0-0 16. Bxe7 Qxd2 17. Bxf8 Bxf8 18. Qxc6 Rb8 19. Rbd1 Qb4 20. Re8 Bf5 21. Rxb8 Qxb8 22. c3 Qe5 23. Qd5 Qxc3 24. c6 Be6 25. Qe4 Bxa2 26. Qe3 Qxc6 27. Qxa7 Bd5 28. Qb8 Be6 29. h3 Qc5 30. Qd8 h5 31. Qd4 Qf5 32. Qd3 Qg5 33. Qd2 Qb5 34. Qd3 Qb7 35. Qd8 Kg7 36. Rc1 Qb2 37. Qc7 Kh7 38. Qc3 Qb7 39. Qc6 Qb4 40. Qc3 Qf4 41. Qe3 Qb8 42. Qf3 Bd6 43. Rd1 Bc7 44. Qe4 Qb2 45. Rb1 Qd2 46. Qf3 Qd6 47. g3 h4 48. Rd1 Qe5 49. Kg2 Bf5 50. Qf4 Qxf4 51. gxf4 Bxf4 52. Rd4 Bg5 53. Ra4 Kg7 54. Rb4 Be7 55. Ra4 Be6 56. Ra5 Kf6 57. Rb5 Bf5 58. Ra5 Ke6 59. f3 Bd6 60. Ra4 Bg3 61. Ra5 Kd6 62. Rb5 Kc6 63. Ra5 Be6 64. Ra4 Kc5 65. Re4 Bd5 66. Ra4 Bc4 67. Ra5+ Kd4 68. Ra4 Kd3 69. Rb4 Be6 70. Ra4 g5 71. Ra5 Bf4 72. Rb5 Ke3 73. Ra5 Ke2 74. Rb5 Bc4 75. Rc5 Ba6 76. Rc2+ Ke1 77. Ra2 Bf1+ 0-1

[Event "Dhaka Sheikh Hasina op"]
[Site "Dhaka"]
[Date "2021.09.23"]
[Round "5"]
[White "Gupta, Sankalp"]
[Black "Chatterjee, Debaraj"]
[Result "1-0"]
[WhiteElo "2433"]
[BlackElo "2206"]
[PlyCount "89"]
[EventDate "2021.09.19"]
[EventType "swiss"]
[EventRounds "9"]
[EventCountry "BAN"]
[SourceTitle "CBM 204 Extra"]
[Source "ChessBase"]
[SourceDate "2021.11.30"]
[SourceVersion "1"]
[SourceVersionDate "2021.11.30"]
[SourceQuality "1"]

1. e4 c5 2. Nf3 d6 3. d4 cxd4 4. Nxd4 Nf6 5. Nc3 a6 6. h3 e6 7. g4 Be7 8. g5 Nfd7 9. Be3 b5 10. a3 Bb7 11. h4 Nc6 12. Qd2 Rc8 13. Nxc6 Bxc6 14. h5 Qc7 15. Bg2 Ne5 16. Qd4 f6 17. f4 Nc4 18. h6 g6 19. gxf6 Nxe3 20. Qxe3 Bxf6 21. Rd1 0-0 22. 0-0 Bb7 23. Rd3 e5 24. f5 Qe7 25. Qg3 Bh4 26. Qg4 Kh8 27. fxg6 Rxf1+ 28. Kxf1 Rf8+ 29. Rf3 Rxf3+ 30. Bxf3 hxg6 31. Qxg6 Qf6 32. Qe8+ Kh7 33. Ke2 Kxh6 34. Nd1 Bg5 35. Nf2 Kg7 36. Bh5 Qe7 37. Qg6+ Kh8 38. Bg4 Qf6 39. Qe8+ Kg7 40. Be6 Qf8 41. Qh5 Qf4 42. Bf5 Bh4 43. Qg6+ Kf8 44. Qxd6+ Kg7 45. Qc7+ 1-0

[Event "World Cup U18 Prel"]
[Site "Tornelo INT"]
[Date "2021.08.20"]
[Round "9"]
[White "Suleymanli, Aydin Elshan"]
[Black "Gupta, Sankalp"]
[Result "1/2-1/2"]
[WhiteElo "2536"]
[BlackElo "2433"]
[PlyCount "70"]
[EventDate "2021.08.16"]
[EventType "swiss (rapid)"]
[EventRounds "10"]
[EventCountry "NET"]
[SourceTitle "CBM 203 Extra"]
[Source "ChessBase"]
[SourceDate "2021.09.30"]
[SourceVersion "1"]
[SourceVersionDate "2021.09.30"]
[SourceQuality "1"]

1. d4 Nf6 2. Nf3 e6 3. Bf4 d5 4. e3 Bd6 5. Bg3 c5 6. Nbd2 Qc7 7. c4 Bxg3 8. hxg3 cxd4 9. Nxd4 0-0 10. cxd5 exd5 11. Bd3 h6 12. Rc1 Nc6 13. N2b3 Bd7 14. 0-0 Qb6 15. Nxc6 bxc6 16. Qc2 Rfb8 17. Rb1 a5 18. Nc5 Be8 19. Rfc1 Qb4 20. Bf5 Ra7 21. a3 Qb6 22. Qc3 Qd8 23. Qd4 Raa8 24. Rc3 Rb6 25. Na4 Rb7 26. Nc5 Rb6 27. Na4 Rb7 28. Rd1 Qe7 29. Rdc1 g6 30. Bd3 h5 31. Rc5 Rbb8 32. Qc3 Qd8 33. Qd4 Qe7 34. Qc3 Qd8 35. Qd4 Qe7 1/2-1/2

[Event "World Cup U18 Prel"]
[Site "Tornelo INT"]
[Date "2021.08.18"]
[Round "6"]
[White "Wang, Justin"]
[Black "Gupta, Sankalp"]
[Result "1/2-1/2"]
[WhiteElo "2456"]
[BlackElo "2433"]
[PlyCount "131"]
[EventDate "2021.08.16"]
[EventType "swiss (rapid)"]
[EventRounds "10"]
[EventCountry "NET"]
[SourceTitle "CBM 203 Extra"]
[Source "ChessBase"]
[SourceDate "2021.09.30"]
[SourceVersion "1"]
[SourceVersionDate "2021.09.30"]
[SourceQuality "1"]

1. e4 e6 2. d4 d5 3. Nc3 Nf6 4. Bg5 Bb4 5. e5 h6 6. exf6 hxg5 7. fxg7 Rg8 8. a3 Bxc3+ 9. bxc3 Qf6 10. Nf3 Nc6 11. Bb5 Bd7 12. Rb1 0-0-0 13. Qe2 b6 14. a4 Rxg7 15. a5 g4 16. Bxc6 Bxc6 17. Ne5 Bb7 18. Nxg4 Qg6 19. Ne3 Rh8 20. g3 e5 21. h4 f5 22. Qf3 f4 23. gxf4 exf4 24. Qxf4 Kb8 25. axb6 axb6 26. h5 Qc6 27. Kd2 Rgg8 28. h6 Rf8 29. Qh2 Bc8 30. h7 Rf7 31. Rbg1 Qd7 32. f4 Rhxh7 33. Qf2 Rxh1 34. Rxh1 Qd6 35. f5 Qf8 36. Rf1 Qh6 37. Qf4 Qh3 38. Rf3 Qh5 39. f6 Be6 40. Rf2 Rh7 41. Qe5 Qh4 42. Re2 Bf7 43. Rg2 Qh1 44. Rf2 Qh4 45. Qf4 Qh1 46. Rf1 Qh3 47. Qf3 Qh2+ 48. Rf2 Qh4 49. Qf4 Qh1 50. Qf3 Qh4 51. Kc1 Rh5 52. Qf4 Qh1+ 53. Rf1 Qh3 54. Qf3 Qh4 55. Kb2 Qh2 56. Qf4 Qh3 57. Nf5 Qg2 58. Rf2 Qg1 59. Rf1 Qg2 60. Ne3 Qe2 61. Qf3 Qb5+ 62. Kc1 Rh2 63. Rf2 Rh5 64. Rf1 Rh2 65. Rf2 Rh5 66. Rf1 1/2-1/2

[Event "World Cup U18 Prel"]
[Site "Tornelo INT"]
[Date "2021.08.16"]
[Round "2"]
[White "Anadkat, Kartavya"]
[Black "Gupta, Sankalp"]
[Result "0-1"]
[WhiteElo "2170"]
[BlackElo "2433"]
[PlyCount "68"]
[EventDate "2021.08.16"]
[EventType "swiss (rapid)"]
[EventRounds "10"]
[EventCountry "NET"]
[SourceTitle "CBM 203 Extra"]
[Source "ChessBase"]
[SourceDate "2021.09.30"]
[SourceVersion "1"]
[SourceVersionDate "2021.09.30"]
[SourceQuality "1"]

1. e4 e6 2. d3 d5 3. Nd2 Nf6 4. Ngf3 Nc6 5. c3 e5 6. b4 Bd6 7. Be2 0-0 8. 0-0 Ne7 9. Re1 c6 10. Bf1 Ng6 11. g3 a5 12. bxa5 Qxa5 13. Bb2 Re8 14. Nb3 Qa7 15. exd5 cxd5 16. c4 Bb4 17. Rxe5 Nxe5 18. Nxe5 dxc4 19. dxc4 Be6 20. Qf3 Rad8 21. Bg2 Bc8 22. h4 Qb8 23. a3 Bf8 24. Re1 Bd6 25. Nd3 Bg4 26. Rxe8+ Rxe8 27. Qxb7 Qxb7 28. Bxb7 Rb8 29. Na5 Nd7 30. Nb4 Bc7 31. Nbc6 Re8 32. Bc3 Nc5 33. Kg2 Bd7 34. Nd4 Bxa5 0-1

[Event "Belgrade Serbia op"]
[Site "Belgrade"]
[Date "2021.07.07"]
[Round "8"]
[White "Zhukova, Natalia"]
[Black "Gupta, Sankalp"]
[Result "1/2-1/2"]
[WhiteElo "2336"]
[BlackElo "2429"]
[PlyCount "66"]
[EventDate "2021.07.02"]
[EventType "swiss"]
[EventRounds "9"]
[EventCountry "SRB"]
[SourceTitle "EXT 2022"]
[Source "ChessBase"]
[SourceDate "2021.10.06"]
[SourceVersion "1"]
[SourceVersionDate "2021.10.06"]
[SourceQuality "1"]

1. Nf3 Nf6 2. c4 c5 3. Nc3 Nc6 4. e3 e5 5. d4 e4 6. Ne5 Be7 7. Be2 0-0 8. 0-0 Re8 9. b3 Bf8 10. Bb2 cxd4 11. exd4 d6 12. Nxc6 bxc6 13. d5 c5 14. f3 exf3 15. Bxf3 Bf5 16. Qd2 Qd7 17. Rae1 g6 18. h3 h5 19. Ne2 Bg7 20. Ng3 Rxe1 21. Rxe1 h4 22. Nxf5 Qxf5 23. Qf2 g5 24. Bxf6 Qxf6 25. Bh5 Qxf2+ 26. Kxf2 Be5 27. Ke3 f5 28. Kd3 Kg7 29. b4 cxb4 30. c5 Kf6 31. c6 a5 32. Kc4 Rb8 33. Bd1 b3 1/2-1/2

[Event "Belgrade Serbia op"]
[Site "Belgrade"]
[Date "2021.07.05"]
[Round "5"]
[White "Gupta, Sankalp"]
[Black "Kukelko, Alexey"]
[Result "1-0"]
[WhiteElo "2429"]
[BlackElo "2304"]
[PlyCount "53"]
[EventDate "2021.07.02"]
[EventType "swiss"]
[EventRounds "9"]
[EventCountry "SRB"]
[SourceTitle "CBM 203 Extra"]
[Source "ChessBase"]
[SourceDate "2021.09.30"]
[SourceVersion "1"]
[SourceVersionDate "2021.09.30"]
[SourceQuality "1"]

1. e4 e6 2. d4 d5 3. Nd2 dxe4 4. Nxe4 Nd7 5. Nf3 Ngf6 6. Bd3 Nxe4 7. Bxe4 c5 8. 0-0 Nf6 9. Bg5 cxd4 10. Nxd4 Qb6 11. Bf3 Bc5 12. Nb3 Bd6 13. Qd4 Qc7 14. Rfe1 Qe7 15. Rad1 Bc7 16. Qa4+ Bd7 17. Qc4 Rc8 18. Qh4 Bb6 19. c3 Bc6 20. Bxc6+ Rxc6 21. Rd3 0-0 22. Rg3 Bd8 23. Rh3 Re8 24. Nd4 Rd6 25. Bxf6 Qxf6 26. Qxh7+ Kf8 27. Nf5 1-0

[Event "Belgrade Serbia op"]
[Site "Belgrade"]
[Date "2021.07.04"]
[Round "4"]
[White "Tanmay, Chopra"]
[Black "Gupta, Sankalp"]
[Result "1/2-1/2"]
[WhiteElo "2273"]
[BlackElo "2429"]
[PlyCount "82"]
[EventDate "2021.07.02"]
[EventType "swiss"]
[EventRounds "9"]
[EventCountry "SRB"]
[SourceTitle "CBM 203 Extra"]
[Source "ChessBase"]
[SourceDate "2021.09.30"]
[SourceVersion "1"]
[SourceVersionDate "2021.09.30"]
[SourceQuality "1"]

1. Nf3 c5 2. e4 Nc6 3. Bb5 g6 4. 0-0 Bg7 5. c3 Nf6 6. Re1 0-0 7. h3 d5 8. e5 Ne8 9. d4 Qb6 10. a4 c4 11. b3 a6 12. Bxc6 Qxc6 13. Ba3 Qd7 14. Nbd2 b5 15. axb5 axb5 16. Bb4 Rb8 17. Qc1 Bh6 18. e6 Qc7 19. exf7+ Rxf7 20. Ne5 Rf8 21. Re2 Nd6 22. Qd1 Bf5 23. Nf1 Ne4 24. f3 Nd6 25. Ne3 Qb7 26. Bxd6 exd6 27. N5g4 Bf4 28. Nxf5 gxf5 29. Ne3 Rbe8 30. Nc2 Qg7 31. Qe1 Qg6 32. Ne3 Qe6 33. Kf2 cxb3 34. Rb1 Kh8 35. Nf1 Qg6 36. Rxb3 Rg8 37. Kg1 Qxg2+ 38. Rxg2 Rxe1 39. Rxg8+ Kxg8 40. Kf2 Rc1 41. Ne3 Bxe3+ 1/2-1/2

[Event "Titled Tuesday intern op 13th Apr"]
[Site "Chess.com INT"]
[Date "2021.04.13"]
[Round "1"]
[White "Gupta, Sankalp"]
[Black "Suvorov, Luca"]
[Result "1-0"]
[WhiteElo "2429"]
[BlackElo "2279"]
[PlyCount "105"]
[EventDate "2021.04.13"]
[EventType "swiss (blitz)"]
[EventRounds "11"]
[EventCountry "USA"]
[SourceTitle "CBM 201 Extra"]
[Source "ChessBase"]
[SourceDate "2021.05.31"]
[SourceVersion "1"]
[SourceVersionDate "2021.05.31"]
[SourceQuality "1"]

1. e4 e5 2. Nf3 Nc6 3. Bb5 a6 4. Ba4 Nf6 5. 0-0 Be7 6. Re1 b5 7. Bb3 d6 8. c3 0-0 9. h3 Na5 10. Bc2 c5 11. d4 Qc7 12. Nbd2 Nc6 13. Nf1 Bd7 14. Be3 Rac8 15. d5 Nd8 16. b3 Ne8 17. Ng3 g6 18. Bh6 Ng7 19. Nh2 f6 20. Qd2 Nf7 21. Be3 c4 22. b4 a5 23. a3 Ra8 24. Ng4 h5 25. Nh6+ Nxh6 26. Bxh6 h4 27. Nf1 g5 28. Nh2 Kh7 29. Bxg7 Kxg7 30. Bd1 axb4 31. cxb4 Qa7 32. Bg4 Bxg4 33. Nxg4 Bd8 34. Ne3 Kg6 35. Nf5 Qa6 36. Qe2 Bb6 37. Qg4 Bd4 38. Nxh4+ Kh6 39. Nf5+ Kg6 40. Ne7+ Kg7 41. Qh5 Rh8 42. Qg6+ Kf8 43. Qxf6+ Ke8 44. Qxh8+ Kxe7 45. Qg7+ Ke8 46. Ra2 Qa7 47. Qxg5 c3 48. Rd1 Bxf2+ 49. Rxf2 c2 50. Rdf1 Qd4 51. Kh1 c1Q 52. Qg8+ Kd7 53. Rf7# 1-0

[Event "Titled Tuesday intern op 13th Apr"]
[Site "Chess.com INT"]
[Date "2021.04.13"]
[Round "5"]
[White "Jobava, Baadur"]
[Black "Gupta, Sankalp"]
[Result "1-0"]
[WhiteElo "2603"]
[BlackElo "2429"]
[PlyCount "67"]
[EventDate "2021.04.13"]
[EventType "swiss (blitz)"]
[EventRounds "11"]
[EventCountry "USA"]
[SourceTitle "CBM 201 Extra"]
[Source "ChessBase"]
[SourceDate "2021.05.31"]
[SourceVersion "1"]
[SourceVersionDate "2021.05.31"]
[SourceQuality "1"]

1. e4 e6 2. d4 d5 3. Nc3 Nf6 4. exd5 exd5 5. Nf3 c6 6. h3 Bd6 7. Bd3 0-0 8. 0-0 Re8 9. Re1 Rxe1+ 10. Qxe1 h6 11. Ne2 Qc7 12. b3 Be6 13. c4 b6 14. Be3 Nbd7 15. Rc1 Ba3 16. Rc2 Re8 17. Nf4 Qd6 18. Qd1 Ne4 19. Nxe6 Rxe6 20. cxd5 cxd5 21. Rc8+ Nf8 22. Ne5 g5 23. Qh5 Rxe5 24. dxe5 Qxe5 25. Qxh6 Qa1+ 26. Bf1 Qe5 27. h4 Bd6 28. hxg5 d4 29. g6 Qg7 30. Qxg7+ Kxg7 31. Bxd4+ Kxg6 32. Bd3 f5 33. Bxe4 fxe4 34. Rc6 1-0